000 00635nam a2200217 a 4500
001 4036987
005 20250121112837.0
008 981210s1999 txua b 001 0 eng
020 _a0030213088
050 0 4 _aHJ141
_b.H95 1999
082 0 0 _a336
_221
100 1 _aHyman, David N.
245 1 0 _aPublic finance :
_ba contemporary application of theory to policy /
_cDavid N. Hyman.
250 _a6th ed.
260 _aFort Worth :
_bDryden Press,
_cc1999.
300 _axxi, 682 p. :
_bill. ;
_c24 cm.
440 4 _aThe Dryden Press series in finance
650 0 _aFinance, Public.
650 0 _aFiscal policy.
942 _2lcc
_cBK
_n0
999 _c2739
_d2739